LIBRARY & INFORMATION CENTRE, KCAET, TAVANUR

ONLINE PUBLIC ACCESS CATALOGUE (OPAC)

Nutrition and Food Safety (Record no. 14348)

MARC details
000 -LEADER
fixed length control field 00335nam a22001337a 4500
020 ## - INTERNATIONAL STANDARD BOOK NUMBER
ISBN 8187036230
082 ## - DEWEY DECIMAL CLASSIFICATION NUMBER
Classification number 664
Item number KAU/NU
100 ## - MAIN ENTRY--AUTHOR NAME
Personal name Kaushik,V.K
245 ## - TITLE STATEMENT
Title Nutrition and Food Safety
260 ## - PUBLICATION, DISTRIBUTION, ETC. (IMPRINT)
Place of publication Jaipur
Name of publisher Book Enclave
Year of publication 2009
300 ## - PHYSICAL DESCRIPTION
Number of Pages 250
490 ## - SERIES STATEMENT
Series statement Readings in Food, Nutrition and Dietetics Series-2
942 ## - ADDED ENTRY ELEMENTS (KOHA)
Koha item type Books
Holdings
Withdrawn status Lost status Damaged status Collection code Home library Current library Shelving location Date acquired Source of acquisition Cost, normal purchase price Full call number Accession Number Koha item type
        KAUAET KAUAET General Stacks 21/06/2016 Aman Book Stall Calicut 695.00 664 KAU/NU 24645 Books
free website counter